000 00579nam a22001931a 4500
001 18800
003 OSt
005 20260204212422.0
008 180903s2010||||ck ||||||b||||||||||spa||
020 _a9789588564043
082 _a666.893 ES74c
100 _aEscobar López,Germán
245 _aConcreto preesforzado:diseño y construcción/Germán Escobar López, Alberto González Cuenca y Eduardo Salgado Farías
250 _a2
264 _aBogotá:Asocreto
300 _a154 p.
650 _aConstrucción prefabricadas 2.Armaduras (construcción)Ì
942 _2ddc
_cBK
999 _c18800
_d18800